000 00870nam a22002537a 4500
005 20170124103024.0
010 _aA-594490
020 _c70.00
035 _aA-594490
037 _bCen Lib/Ret
040 _aDPL
_bHN
082 _a
_bयादव
100 _aयादव, उषा
_961475
245 _aएक और अहल्या /
_cउषा यादव
246 _aEk or ahalya /
_bby Usha YAdav
260 _a लखनऊ
_bसुलभ प्रकाशन
_c1991
270 _a17, अशोक मार्ग
_b लखनऊ
300 _a163पृ.
_c16सेमी(सजिल्द)
650 _aहिंदी साहित्य
_961476
650 _aहिंदी उपन्यास
_961477
650 _aHindi literature
_961478
650 _aHindi fiction
_927248
942 _2ddc
_cHN
_h
_mयादव
999 _c115448
_d115448